| 000 | 00578nam a2200205Ia 4500 | ||
|---|---|---|---|
| 008 | 170918s9999 xx 000 0 und d | ||
| 020 | _a9780545342551 | ||
| 050 | _bN338 2009 | ||
| 100 | _aNelson, Vaunda Micheaux | ||
| 245 | _aBad news for outlaws : | ||
| 245 | _bthe remarkable life of Bass Reeves, Deputy U.S. Marshal. | ||
| 245 | _cby Vaunda Micheaux Nelson ; illustrated R. Gregory Christie. | ||
| 260 | _aNew York : | ||
| 260 | _bScholastic, | ||
| 260 | _c2009 | ||
| 300 | _aunpaged : | ||
| 300 | _bcolored illustration ; | ||
| 300 | _c26cm. | ||
| 500 | _a860 | ||
| 999 |
_c343231 _d343231 |
||